Johann Gutenberg (Record no. 16333)

MARC details
000 -Etiqueta do registo
Valores 00501nam a2200145 4500
100 ## - Dados gerais de processamento
Dados gerais 20250623 pory50
200 ## - Titulo e menção de responsabilidade
Título próprio Johann Gutenberg
Primeira menção de responsabilidade Maria Bartolozzi Guaspari
Outras menções de responsabilidade Maria Letizia Meacci
-- trad. Maria de Lourdes, Gian Faroppa
-- il. Gianni Demo
210 ## - Publicação
Local de publicação Lisboa
Nome do editor Didática Editora
Data de publicação [S.D.]
215 ## - Descrição física 
Paginação / Volumes 71[3]p.
Outras indicações físicas il.
Dimensões 32 cm
225 ## - Colecção 
Título próprio da colecção Coleção Biográfica
Informação de outro título as grandes figuras da humanidade:
Número de parte ou secção 4)
606 ## - Nome comum usado como assunto
ID Autoridade 86
Palavra de ordem Biografias
801 ## - Fonte de origem
País PT
Agência BMA
Regras de catalogação RPC
990 ## - Elementos KOHA
Tipo de documento Livro
Holdings
Situação do levantamento Estado Biblioteca de origem Código de barras Cota Permissão de empréstimo Tipo de documento Forma de aquisição
    Biblioteca Municipal do Alandroal A7622/10 929 GUT   Livro Oferta

Powered by Koha